Statistics for MattAttacks Song Titles

Click here to take the quiz!

General Stats

  • This quiz has been taken 6 times
  • The average score is 5 of 30

Answer Stats

HintAnswer% Correct
SynthworldMEN Club
83%
SynthworldDystopian City
67%
Friday DropsA Morning In Georgia
33%
Friday Drops/F.A.T.A.Around The Jungle
33%
F.A.T.A.Cybermanic
33%
Friday Drops1984 Miami Nights
17%
SynthworldBus Station
17%
SynthworldCloud Nine
17%
2021 SingleCode: Zero
17%
SynthworldCold Night Behind
17%
F.A.T.A.Danger Zone
17%
F.A.T.A.Druid Of The Sound
17%
F.A.T.A.Error 404
17%
F.A.T.A.Explorer
17%
SynthworldFriday Night
17%
Friday DropsMidnight Runner
17%
Friday DropsMystical Forest
17%
SynthworldRetro Zone
17%
F.A.T.A.SynthGame
17%
2019 SingleVery Deep
17%
F.A.T.A.Windows 98
17%
SynthworldA Call For Vermouth
0%
SynthworldCalifornia Dream
0%
Friday DropsCode: 7
0%
Friday DropsDreamin'
0%
Matt's ClosetFour Seasons
0%
Mr. MatthewLunarverse
0%
SynthworldNight Rider
0%
Matt's ClosetRemains Of Life
0%
SynthworldVery Deep Wave
0%

Score Distribution

Percentile by Number Answered

Percent of People with Each Score

Your Score History

You have not taken this quiz